LEADER 00977nam0-2200361---450- 001 990007011020403321 005 20081217102355.0 035 $a000701102 035 $aFED01000701102 035 $a(Aleph)000701102FED01 035 $a000701102 100 $a20011204d1977----km-y0itay50------ba 101 0 $aita 102 $aIT 105 $ay---n---001yy 200 1 $aDiritto ecclesiastico$fMario Petroncelli 205 $aNuova ed. agg. 210 $aNapoli$cSocietā editrice napoletana$d1977 215 $a318 p.$d24 cm 606 $aDiritto ecclesiastico 676 $a344.09 700 1$aPetroncelli,$bMario$0133059 801 0$aIT$bUNINA$gRICA$2UNIMARC 901 $aBK 912 $a990007011020403321 952 $aII C 60$b108316$fFGBC 952 $aII CC 35$b1236$fDCEC 952 $aII CC 35 (bis)$b1237$fDCEC 952 $aII CC 35 (ter)$b1238$fDCEC 959 $aDCEC 959 $aFGBC 996 $aDiritto ecclesiastico$9575701 997 $aUNINA LEADER 01023nam a2200277 i 4500 001 991000899769707536 005 20020507175504.0 008 930426s1991 it ||| | ita 035 $ab10773009-39ule_inst 035 $aLE01304031$9ExL 040 $aDip.to Matematica$beng 082 0 $a530.12 084 $aAMS 81-06 084 $aAMS 81-XX 100 1 $aCattaneo, Gianpiero$052862 245 12$aI fondamenti della meccanica quantistica :$banalisi storica e problemi aperti /$ceds. G. Cattaneo, A. Rossi 260 $aCommenda di Rende :$bEditel,$c1991 300 $aviii, 392 p. ;$c25 cm. 490 0 $aSeminars and conferences ;$v6 650 4$aQuantum theory$xCongresses 907 $a.b10773009$b23-02-17$c28-06-02 912 $a991000899769707536 945 $aLE013 81-XX CAT11 (1991)$g1$i2013000006758$lle013$o-$pE0.00$q-$rn$s- $t1$u0$v0$w0$x0$y.i10871585$z28-06-02 996 $aFondamenti della meccanica quantistica$9187828 997 $aUNISALENTO 998 $ale013$b01-01-93$cm$da $e-$fita$git $h2$i1